| 000 | 01328nam a2200361 a 4500 | ||
|---|---|---|---|
| 001 | ebr10233583 | ||
| 003 | CaPaEBR | ||
| 006 | m u | ||
| 007 | cr cn||||||||| | ||
| 008 | 950525s1995 utua sb 001 0 eng d | ||
| 010 | _z 95004422 | ||
| 020 | _z0874211913 (cloth) | ||
| 020 | _z0874211964 (paper) | ||
| 020 | _z9780874211962 | ||
| 020 | _z9780874213201 | ||
| 040 |
_aCaPaEBR _cCaPaEBR |
||
| 035 | _a(OCoLC)609655552 | ||
| 043 | _an-us--- | ||
| 050 | 1 | 4 |
_aGR81 _b.O98 1995eb |
| 082 | 0 | 4 |
_a398/.4 _220 |
| 245 | 0 | 0 |
_aOut of the ordinary _h[electronic resource] : _bfolklore and the supernatural / _cBarbara Walker, editor. |
| 260 |
_aLogan, Utah : _bUtah State University Press, _cc1995. |
||
| 300 |
_ax, 218 p. : _bill. |
||
| 504 | _aIncludes bibliographical references (p. [203]-211) and index. | ||
| 533 |
_aElectronic reproduction. _bPalo Alto, Calif. : _cebrary, _d2013. _nAvailable via World Wide Web. _nAccess may be limited to ebrary affiliated libraries. |
||
| 650 | 0 | _aFolklore. | |
| 650 | 0 | _aSupernatural. | |
| 650 | 0 |
_aFolklore _zUnited States. |
|
| 655 | 7 |
_aElectronic books. _2local |
|
| 700 | 1 |
_aWalker, Barbara, _d1946- |
|
| 710 | 2 | _aebrary, Inc. | |
| 856 | 4 | 0 |
_uhttp://site.ebrary.com/lib/rucke/Doc?id=10233583 _zAn electronic book accessible through the World Wide Web; click to view |
| 999 |
_c38136 _d38136 |
||